000 00725nam a2200289Ia 4500
005 20260324114520.0
008 008 260324s9999 xx 000 0 eng d
020 _a9781003280941
037 _aEBOOK
040 _aCRL
040 _beng
040 _cCRL
041 _2eng
041 _aeng
084 _qCRL
100 _aHesham Dinana
_91151083
245 0 _aStrategy Savvy
245 0 _bBalanced Strategy Development Approach Using Insights, Culture, Operations, and Digitization
260 _bTaylor and Francis
260 _c2022
365 _a
365 _b220
856 _uhttp://www.taylorfrancis.com/books/9781003280941
942 _cEBOOK
999 _c1741302
_d1741302